[Event "Titled Tue 1st Jul Late"]
[Site "chess.com INT"]
[Date "2025.07.01"]
[Round "8"]
[White "Hua, Lefong"]
[Black "Oksendal, Martin"]
[Result "1-0"]
[WhiteTitle "FM"]
[BlackTitle "FM"]
[WhiteElo "2305"]
[BlackElo "2235"]
[WhiteFideId "2602253"]
[BlackFideId "1554107"]
[EventDate "2025.07.01"]

1. d4 Nf6 2. c4 e6 3. Nc3 Bb4 4. f3 c5 5. a3 Bxc3+ 6. bxc3 O-O 7. e4 d6 8. Bd3
e5 9. Ne2 Nc6 10. d5 Na5 11. O-O b6 12. f4 Ba6 13. fxe5 Nd7 14. exd6 Ne5 15. Bf4
Qxd6 16. Ng3 g6 17. Rf2 Bxc4 18. Bxc4 Naxc4 19. Nf1 Rfe8 20. Nd2 Qe7 21. Nxc4
Nxc4 22. Re2 Rad8 23. Qd3 Ne5 24. Qg3 c4 25. Rf1 f6 26. h4 Nd3 27. h5 g5 28. Bc7
Rd7 29. d6 Qe5 30. Qg4 Qe6 31. Rf5 Ne5 32. Qg3 Nf7 33. Ref2 Nxd6 34. Rxf6 Qxf6
35. Rxf6 Nxe4 36. Qf3 Nxf6 37. Qxf6 Rxc7 38. Qxg5+ Rg7 39. Qd5+ Kh8 40. h6 Rge7
41. Qd4+ Kg8 42. Qxc4+ Rf7 43. Kh2 Kf8 44. Qd4 Re6 45. Qd8+ Re8 46. Qd6+ Ree7
47. Qb8+ Re8 48. Qd6+ Ree7 49. a4 Rf5 50. Qd8+ Kf7 51. Qh8 Rh5+ 52. Kg1 Rxh6 53.
Qa8 Rg6 54. Qd5+ Kg7 55. Qd4+ Rf6 56. c4 Kf7 57. Qd5+ Ree6 58. Qh5+ Kg7 59. Qg5+
Rg6 60. Qd5 Rd6 61. Qe5+ Rdf6 62. Qe7+ Rf7 63. Qe5+ Kg8 64. c5 bxc5 65. Qxc5
Rff6 66. Qc8+ Rf8 67. Qc4+ Rf7 68. a5 Kg7 69. Qd4+ Rgf6 70. Qe5 h6 71. Kh2 Kg6
72. Qe4+ Rf5 73. g4 Kg5 74. gxf5 Rxf5 75. Qe3+ Kg6 76. Qxa7 Rh5+ 77. Kg3 Rg5+
78. Kf4 Rf5+ 79. Ke4 h5 80. Qg1+ Rg5 81. Qb6+ Kg7 82. a6 h4 83. Qb7+ Kh6 84. a7
Rg4+ 85. Kf3 Rg3+ 86. Kf2 Rg7 87. Qxg7+ Kxg7 88. a8=Q 1-0

[Event "Titled Tue 1st Jul Late"]
[Site "chess.com INT"]
[Date "2025.07.01"]
[Round "8"]
[White "Liu, Zachary Hankun"]
[Black "Labussiere, Victor"]
[Result "0-1"]
[BlackTitle "FM"]
[WhiteElo "2067"]
[BlackElo "2312"]
[WhiteFideId "2640287"]
[BlackFideId "2183129"]
[EventDate "2025.07.01"]

1. Nf3 Nf6 2. g3 d5 3. Bg2 Bf5 4. O-O e6 5. c4 c6 6. cxd5 cxd5 7. Qb3 Qb6 8. d3
Nc6 9. Be3 Qxb3 10. axb3 Be7 11. Nc3 O-O 12. Nb5 a6 13. Nbd4 Nxd4 14. Nxd4 Bg6
15. Bf4 Rfc8 16. Rfc1 Nd7 17. Be3 Bb4 18. f4 Nc5 19. Rc2 Nd7 20. Rac1 Rxc2 21.
Rxc2 Bc5 22. Kf2 Bf8 23. Rc7 Nf6 24. h3 b5 25. g4 Ne8 26. Rc1 Nd6 27. f5 exf5
28. Bxd5 Re8 29. gxf5 Nxf5 30. Nxf5 Bxf5 31. Rc7 Be6 32. Bc6 Rc8 33. Rxc8 Bxc8
34. Bb6 Bxh3 35. Bb7 Be6 36. Bxa6 g5 37. Bxb5 h5 38. Bc4 Bc8 39. d4 g4 40. Bc5
Bh6 41. Bd5 Bf4 42. b4 h4 43. b5 h3 44. b6 g3+ 45. Kg1 Be3+ 46. Kh1 Kg7 47. b4
Kf6 48. Bf3 Bg4 49. Be4 Bc8 50. d5 g2+ 51. Bxg2 hxg2+ 52. Kxg2 Bg5 53. Bd4+ Ke7
54. Kf3 Bb7 55. e4 Bd2 56. Bc5+ Kf6 57. Bd4+ Ke7 58. b5 Bb4 59. Kg4 Kd7 60. Kf5
Ke7 61. Be3 Ba3 62. Bg5+ Ke8 63. Be3 Bd6 64. Bd4 Bb4 65. Be3 Be7 66. Bg1 Bc8+
67. Ke5 Kd7 68. Kf5 Bd6 69. Kf6 Ke8 70. e5 Be7+ 71. Kg7 Bb7 72. d6 Bh4 73. Bd4
Bd5 74. Be3 Bg3 75. Bd4 Be1 76. Bc3 Bxc3 0-1

[Event "Titled Tue 1st Jul Late"]
[Site "chess.com INT"]
[Date "2025.07.01"]
[Round "8"]
[White "Villa Tornero, Alex"]
[Black "Rustemov, Alexander"]
[Result "1-0"]
[WhiteTitle "FM"]
[BlackTitle "GM"]
[WhiteElo "2211"]
[BlackElo "2525"]
[WhiteFideId "54501091"]
[BlackFideId "4119002"]
[EventDate "2025.07.01"]

1. e4 e6 2. d4 d5 3. Nc3 dxe4 4. Nxe4 Bd7 5. Nf3 Bc6 6. Bd3 Nd7 7. O-O Ngf6 8.
Bg5 Be7 9. Bxf6 Nxf6 10. Qe2 O-O 11. Ne5 Qxd4 12. Nxf6+ Bxf6 13. Nxc6 bxc6 14.
c3 Qc5 15. Rad1 Rad8 16. Be4 Rd6 17. Rd3 Rfd8 18. Rfd1 g6 19. Qf3 Kg7 20. g3 Qb6
21. Qe2 c5 22. h4 h5 23. Kg2 Qa6 24. a3 Qa4 25. Bf3 a5 26. R3d2 Qb3 27. Kh2 c4
28. Kg2 Rd3 29. Kh2 Qb5 30. Be4 R3d6 31. Kg2 Qc5 32. Bf3 Qb5 33. Kh2 Qd7 34.
Rxd6 cxd6 35. Qxc4 d5 36. Qe2 a4 37. Qc2 Rb8 38. Rd2 Qb5 39. Bd1 Ra8 40. Be2 Qc5
41. Bd1 Ra7 42. Kg2 Kg8 43. Qd3 Bg7 44. Qc2 Bh6 45. Re2 Qc4 46. Re1 Kh7 47. Bxh5
Rb7 48. Be2 Qb3 49. Qxb3 Rxb3 50. Rb1 Rb6 51. Bd1 Ra6 52. Bc2 Kg7 53. Kf3 Kf8
54. Rd1 Rb6 55. Rb1 Ra6 56. g4 Bg7 57. Ke2 Bf6 58. h5 gxh5 59. gxh5 Kg7 60. Kd3
Kh6 61. Bd1 Ra7 62. Kc2 Kg5 63. Be2 Kh6 64. Rg1 Bg5 65. Rg3 Rb7 66. Rf3 f5 67.
Rg3 Rb6 68. f4 Bxf4 69. Rg6+ Kh7 70. Rf6 Be5 71. Rg6 Bg7 72. Bd3 Be5 73. Bxf5 d4
74. Rxe6+ Kg7 75. Rxb6 d3+ 76. Kxd3 Bxc3 77. Rg6+ Kf8 78. bxc3 1-0

[Event "Titled Tue 1st Jul Late"]
[Site "chess.com INT"]
[Date "2025.07.01"]
[Round "8"]
[White "Rabin, Evan"]
[Black "Vijayakumar, Rishi"]
[Result "1/2-1/2"]
[BlackTitle "FM"]
[WhiteElo "1945"]
[BlackElo "2333"]
[WhiteFideId "2028670"]
[BlackFideId "2408953"]
[EventDate "2025.07.01"]

1. e4 e5 2. Nf3 Nc6 3. Be2 Nf6 4. d3 Bc5 5. Nbd2 d5 6. O-O O-O 7. c3 Ne7 8. Nxe5
Bd6 9. Nef3 dxe4 10. dxe4 Nc6 11. Re1 Qe7 12. Bf1 Rd8 13. Qc2 Bc5 14. Nb3 Bb6
15. Bg5 h6 16. Bh4 g5 17. Bg3 Nh5 18. Rad1 Bg4 19. Rxd8+ Rxd8 20. Nbd2 Nxg3 21.
hxg3 a6 22. Nc4 Bc5 23. Ne3 Be6 24. Nf5 Qf6 25. b3 a5 26. Nh2 Ne5 27. Re2 Rd7
28. Rd2 Bxf5 29. exf5 Rxd2 30. Qxd2 Qxf5 31. b4 Bb6 32. a3 g4 33. Qd8+ Kg7 34.
Qd2 h5 35. Qf4 Qxf4 36. gxf4 g3 37. fxe5 Bxf2+ 38. Kh1 gxh2 39. Kxh2 axb4 40.
axb4 Be1 41. b5 Bxc3 42. Be2 Bxe5+ 43. Kh3 Kg6 44. Bf3 c5 45. bxc6 b5 46. Be4+
f5 47. Bd5 b4 48. Kh4 Bf6+ 49. Kh3 Bd8 50. Be6 Bc7 51. Bd7 Kg5 52. Be8 h4 53.
Bd7 Bg3 54. Be6 Kf6 55. Bb3 Ke7 56. c7 Bxc7 57. Kxh4 Be5 58. Kg5 f4 59. Kf5 Bb8
60. Ke4 Kf6 61. Kf3 Ke5 62. Ke2 Kd4 63. Kd2 Be5 64. Kc2 Bf6 65. Ba4 Ke4 66. Kb3
Kd4 67. Bc6 Be7 68. Bf3 Ke3 69. Bb7 Kd3 70. Bf3 Ke3 71. Bb7 Kf2 72. Bf3 Kg3 73.
Bb7 Bc5 74. Bf3 Bd6 75. Bb7 Kg4 76. Bf3+ Kf5 77. Ba8 Ke5 78. Bf3 Kd4 79. Ba8 Kc5
80. Bf3 Bf8 81. Ba8 Kb5 82. Bf3 Kc5 83. Bd1 Kd4 84. Bf3 Ke3 85. Ba8 Kd2 86. Bf3
Ke1 87. Ba8 Kd2 88. Bf3 Bh6 89. Ba8 Bf8 1/2-1/2

[Event "Titled Tue 1st Jul Late"]
[Site "chess.com INT"]
[Date "2025.07.01"]
[Round "8"]
[White "Gimeno Martos, Roberto"]
[Black "Dambaev, Dashi"]
[Result "1-0"]
[WhiteTitle "CM"]
[BlackTitle "CM"]
[WhiteElo "2090"]
[BlackElo "2211"]
[WhiteFideId "2226804"]
[BlackFideId "55628494"]
[EventDate "2025.07.01"]

1. d4 Nf6 2. Nf3 e6 3. e3 b6 4. Bd3 Bb7 5. O-O Be7 6. Nbd2 d5 7. Ne5 O-O 8. f4
c5 9. c3 Ba6 10. Bxa6 Nxa6 11. Ndf3 Ne4 12. Bd2 f6 13. Ng4 Nc7 14. Nf2 Nxf2 15.
Rxf2 Ne8 16. Qe2 Nd6 17. Ne1 Ne4 18. Rf3 Qd7 19. Nd3 Qb5 20. Be1 Bd6 21. Nc1
Qxe2 22. Nxe2 c4 23. Ng3 b5 24. Nxe4 dxe4 25. Rf1 f5 26. a3 Be7 27. h3 h5 28. g3
a5 29. Bd2 g5 30. fxg5 Bxg5 31. Kg2 Kh7 32. h4 Be7 33. a4 b4 34. Rab1 Rab8 35.
Rfc1 b3 36. Rf1 Bd6 37. Be1 Rg8 38. Kh3 Rg4 39. Bf2 Rbg8 40. Rg1 Kg6 41. Rbd1
Kf7 42. Rg2 Ke7 43. Rdg1 Kd7 44. Be1 Kc6 45. Rf1 Kd5 46. Bf2 R4g7 47. Be1 Rg4
48. Bf2 Bc7 49. Be1 Bb6 50. Bf2 Bc7 51. Rd1 Bd8 52. Rdg1 Be7 53. Be1 e5 54. dxe5
Kxe5 55. Bf2 Rd8 56. Be1 Rd3 57. Bd2 Bc5 58. Re1 Rg6 59. Rf2 Rgd6 60. Bc1 Kf6
61. Ref1 R6d5 62. Re1 Ke6 63. Rfe2 Rd1 64. Kg2 R5d3 65. Kf2 Ke5 66. Rxd1 Rxd1
67. Re1 Rd3 68. Re2 Kd5 69. Bd2 Ke6 70. g4 hxg4 71. Kg3 Bd6+ 72. Kg2 Rd5 73. Be1
Rc5 74. h5 Rc7 75. Rd2 Rh7 76. Bg3 1-0

[Event "Titled Tue 1st Jul Late"]
[Site "chess.com INT"]
[Date "2025.07.01"]
[Round "8"]
[White "Fomevor, Cephas Clinton"]
[Black "Ciocan, Maria-Alexandra"]
[Result "1/2-1/2"]
[WhiteTitle "CM"]
[WhiteElo "1883"]
[BlackElo "1998"]
[WhiteFideId "12601330"]
[BlackFideId "1227130"]
[EventDate "2025.07.01"]

1. d4 Nf6 2. c4 g6 3. Nc3 Bg7 4. Nf3 d6 5. Bg5 O-O 6. e3 h6 7. Bh4 Nbd7 8. Be2
e5 9. O-O c6 10. Qb3 Qe7 11. Rfd1 Rd8 12. h3 Nf8 13. Rac1 e4 14. Nd2 g5 15. Bg3
Bf5 16. Qc2 d5 17. cxd5 cxd5 18. Qb3 a6 19. Na4 h5 20. Rc7 Rd7 21. Rxd7 Qxd7 22.
Nb6 Qe8 23. Nxa8 Qxa8 24. Be5 N8d7 25. Rc1 b5 26. Bh2 Nb6 27. Rc7 Nc4 28. Qc2
Bf8 29. b3 Nd6 30. Rc6 Qd8 31. Nf1 g4 32. hxg4 hxg4 33. Ng3 Be6 34. Qd1 Be7 35.
Rxa6 Qc8 36. Ra7 Kf8 37. Qd2 Qb8 38. Qa5 Bd8 39. Qa6 Bc8 40. Qa3 b4 41. Qa4 Bb6
42. Ra8 Qc7 43. Nf1 Ke7 44. Ba6 Bd7 45. Bb5 Bxb5 46. Qxb4 Bd7 47. Bxd6+ Qxd6 48.
Qxd6+ Kxd6 49. Rb8 Bc7 50. Rb4 Bc6 51. Kh1 Nd7 52. Ng3 Ke6 53. Kg1 Bd6 54. Rb8
Bxb8 55. Nh5 f5 56. Nf4+ Bxf4 57. exf4 Nb6 58. g3 Bb5 59. Kg2 Bd3 60. a4 Bc2 61.
a5 Nc8 62. b4 Na7 63. Kf1 Kd6 64. Ke2 Bd3+ 65. Kd2 Kc6 66. Kc3 Kb5 67. Kb3 Nc6
68. Kc3 Nxb4 69. a6 Nxa6 70. f3 gxf3 71. Kd2 Nb4 72. Ke3 Nc2+ 73. Kd2 Nxd4 74.
Ke3 Ne2 75. g4 fxg4 76. f5 Kc6 77. f6 Kd6 78. Kf2 Ke6 79. f7 Kxf7 80. Ke3 g3 81.
Kd2 g2 82. Ke3 g1=Q+ 83. Kd2 1/2-1/2

[Event "Titled Tue 1st Jul Late"]
[Site "chess.com INT"]
[Date "2025.07.01"]
[Round "8"]
[White "Abdurakhmonov, Mukhammadali"]
[Black "Dzida, Kamil"]
[Result "1-0"]
[WhiteTitle "IM"]
[BlackTitle "IM"]
[WhiteElo "2348"]
[BlackElo "2411"]
[WhiteFideId "14207346"]
[BlackFideId "21828652"]
[EventDate "2025.07.01"]

1. d4 Nf6 2. Bg5 e6 3. e4 h6 4. Bxf6 Qxf6 5. e5 Qd8 6. Nf3 d6 7. Nbd2 b6 8. exd6
cxd6 9. Bb5+ Nd7 10. O-O Bb7 11. a4 a6 12. Bd3 Be7 13. Re1 O-O 14. c3 Nf6 15.
Nf1 Qc7 16. Ng3 Rfe8 17. Qe2 Bf8 18. Ne4 Nxe4 19. Bxe4 Bxe4 20. Qxe4 d5 21. Qd3
Bd6 22. g3 Qc6 23. Ne5 Bxe5 24. Rxe5 b5 25. axb5 axb5 26. Rae1 Ra2 27. R1e2 Qc4
28. Qf3 b4 29. cxb4 Qxd4 30. Rxd5 Qxb4 31. Rd7 Rf8 32. Rb7 Qc4 33. Kg2 Qd5 34.
Qxd5 exd5 35. Rd2 Rd8 36. Rd4 Ra6 37. Rf4 Rf6 38. Rxf6 gxf6 39. Kf3 d4 40. Ke2
Re8+ 41. Kd3 Re1 42. Kxd4 Re2 43. f3 Rxh2 44. Ke4 h5 45. b4 Rg2 46. Kf4 Kg7 47.
b5 Rb2 48. b6 Rb4+ 49. Ke3 Rb3+ 50. Kf2 Rb2+ 51. Kg1 Kg6 52. Rb8 Kg7 53. Kf1 f5
54. Ke1 f4 55. gxf4 h4 56. Kf1 h3 57. Kg1 Kh7 58. Kh1 Kg7 59. b7 Kf6 60. Rh8
Rxb7 61. Rxh3 Kf5 62. Rh4 Rb4 63. Rh7 Kg6 64. Rh4 Kf5 65. Kg2 Rxf4 66. Rh7 Kg6
67. Rh8 Rf5 68. Kg3 Rg5+ 69. Kf4 Ra5 70. Rc8 Ra4+ 71. Ke5 Ra5+ 72. Ke4 Ra4+ 73.
Ke3 Ra3+ 74. Kf2 Ra2+ 75. Kg3 Ra5 76. f4 f5 77. Kh4 Ra4 78. Rc6+ Kf7 79. Kg5 Ra5
80. Rc7+ Ke6 81. Rb7 Ra1 82. Rb6+ Kf7 83. Kxf5 Ra5+ 84. Kg4 Rc5 85. f5 Rc7 86.
Kg5 Ra7 87. Rh6 Kg7 88. f6+ Kg8 89. Kg6 Ra6 90. Rh4 1-0

[Event "Titled Tue 1st Jul Late"]
[Site "chess.com INT"]
[Date "2025.07.01"]
[Round "8"]
[White "Salinas Herrera, Pablo"]
[Black "Lisenkov, Svyatoslav"]
[Result "1/2-1/2"]
[WhiteTitle "GM"]
[BlackTitle "CM"]
[WhiteElo "2447"]
[BlackElo "2283"]
[WhiteFideId "3407128"]
[BlackFideId "34264183"]
[EventDate "2025.07.01"]

1. d4 Nf6 2. Nf3 g6 3. Nbd2 Bg7 4. e4 O-O 5. Bd3 d6 6. O-O Nc6 7. c3 e5 8. h3
Qe8 9. Re1 Nh5 10. Nb3 h6 11. a4 a6 12. a5 Kh8 13. Bf1 f5 14. exf5 gxf5 15. dxe5
dxe5 16. Nc5 Nf6 17. Bf4 e4 18. Nh4 Qf7 19. Qd2 Kh7 20. Rad1 Nh5 21. g3 Nxf4 22.
Qxf4 Be5 23. Qe3 b6 24. axb6 cxb6 25. Na4 Be6 26. Nxb6 Rab8 27. b4 Bc7 28. Na4
Bb3 29. Ra1 Bxa4 30. Rxa4 Rbe8 31. Ng2 Ne5 32. Be2 Re6 33. Nf4 Rd6 34. Qc5 Re8
35. Raa1 Qd7 36. Rad1 Qe7 37. Nd5 Rxd5 38. Rxd5 Qg7 39. Red1 f4 40. g4 f3 41.
Bf1 e3 42. Qxe3 Nxg4 43. Qd3+ Kh8 44. Rd7 Ne5+ 45. Kh1 Nxd3 46. Rxg7 Nxf2+ 47.
Kg1 Nxd1 48. Rxc7 Rg8+ 49. Kh2 Ne3 50. Bxa6 Rg2+ 51. Kh1 Ra2 52. Rc8+ Kg7 53.
Bb5 f2 54. Rc7+ Kf6 55. Rc6+ Ke7 56. Rxh6 Ra1+ 57. Kh2 Rc1 58. Rc6 f1=Q 59. Bxf1
Nxf1+ 60. Kg2 Ne3+ 61. Kf3 Nd5 62. b5 Rxc3+ 63. Rxc3 Nxc3 64. b6 Kd6 65. h4 Nd5
66. b7 Kc7 67. h5 Nf6 68. h6 Kxb7 69. Kf4 Nh7 70. Ke5 Kc7 71. Ke6 Kd8 72. Kf7
Ng5+ 73. Kg6 Ne6 74. Kf6 Nf8 75. Kf7 Nh7 76. Kg6 Nf8+ 77. Kg7 Ne6+ 78. Kg8 Ng5
79. Kg7 Ke7 80. Kg6 Ne6 81. Kh7 Kf7 82. Kh8 Nf8 1/2-1/2

[Event "Titled Tue 1st Jul Late"]
[Site "chess.com INT"]
[Date "2025.07.01"]
[Round "8"]
[White "Ivashentseva, Dominika"]
[Black "Hernandez Samayoa, Dilan Alexander"]
[Result "1-0"]
[WhiteTitle "WCM"]
[WhiteElo "1969"]
[BlackElo "2006"]
[WhiteFideId "34331050"]
[BlackFideId "7306679"]
[EventDate "2025.07.01"]

1. d4 Nf6 2. c4 g6 3. Nf3 Bg7 4. g3 O-O 5. Bg2 d5 6. O-O Nc6 7. Ne5 Be6 8. Nxc6
bxc6 9. Nc3 Rb8 10. Re1 Bf5 11. Bf4 Qd7 12. cxd5 cxd5 13. b3 Rfd8 14. Rc1 Nh5
15. Na4 Nxf4 16. gxf4 Qd6 17. e3 c6 18. Rc3 f6 19. Qc1 Rbc8 20. Nc5 Rc7 21. Rd1
e5 22. dxe5 fxe5 23. e4 Bg4 24. f3 Bh5 25. exd5 cxd5 26. Ne4 Rxc3 27. Qxc3 Qb6+
28. Nf2 exf4 29. Qd2 Qe3 30. Qa5 Re8 31. Qxd5+ Kh8 32. Qd7 Rf8 33. Qd3 Qe7 34.
Ne4 Qe5 35. Qd6 Qb2 36. Qd2 Qe5 37. Kh1 Qf5 38. Qd5 Qf7 39. Qxf7 Rxf7 40. Ng5
Rf8 41. Ne6 Re8 42. Nxf4 Rf8 43. Nxh5 gxh5 44. Rd5 Re8 45. Bf1 Re1 46. Kg2 Bc3
47. Rxh5 Ra1 48. Rc5 Be1 49. Rc2 Bh4 50. Bd3 Kg7 51. Rc7+ Kf6 52. Rxa7 Be1 53.
Bxh7 Bc3 54. Ra6+ Kg7 55. Be4 Re1 56. a4 Re2+ 57. Kg3 Be5+ 58. Kg4 Rxh2 59. Rg6+
Kf7 60. Kf5 Rh5+ 61. Rg5 Rxg5+ 62. Kxg5 Bc3 63. Kf5 Ke7 64. f4 Kf7 65. Bd5+ Ke7
66. Bc4 Kd6 67. Kg6 Ke7 68. f5 Kf8 69. f6 Bd4 70. f7 Be5 71. Kf5 Bc3 72. Ke4 Bb4
73. Kd4 Ke7 74. Bd5 Kd7 75. Kc4 Be7 76. Kb5 Kc7 77. a5 Kb8 78. Kc6 Ka7 79. Kd7
Bb4 80. Ke8 Ka6 81. f8=Q Bxf8 82. Kxf8 Kxa5 83. Bc4 Kb4 84. Ke7 Kc5 85. Ke6 Kb6
86. Kd5 Kc7 87. Kc5 Kb7 88. b4 Kc7 89. b5 Kb7 90. b6 Kb8 91. Kc6 Kc8 92. Kb5 Kb8
93. Ka6 Ka8 94. b7+ Kb8 95. Be2 Kc7 96. Ka7 1-0

[Event "Titled Tue 1st Jul Late"]
[Site "chess.com INT"]
[Date "2025.07.01"]
[Round "8"]
[White "Bagheri, Maziar"]
[Black "Bouska, Jiri"]
[Result "1-0"]
[WhiteTitle "FM"]
[BlackTitle "FM"]
[WhiteElo "2287"]
[BlackElo "2318"]
[WhiteFideId "12530913"]
[BlackFideId "23722223"]
[EventDate "2025.07.01"]

1. e4 c5 2. Nf3 d6 3. d4 cxd4 4. Qxd4 Nf6 5. Nc3 Nc6 6. Bb5 Bd7 7. Bxc6 Bxc6 8.
Bg5 e6 9. O-O-O Be7 10. Qd3 Qa5 11. h4 a6 12. Kb1 b5 13. Nd4 Bd7 14. Rhe1 b4 15.
Nd5 exd5 16. exd5 Qxd5 17. Qe3 O-O 18. Qxe7 Rfe8 19. Bxf6 Rxe7 20. Bxe7 Re8 21.
Nf3 Qc4 22. Bxd6 Rc8 23. Rd2 Be6 24. b3 Qc3 25. Re3 Qc6 26. Bxb4 h6 27. Nd4 Qxg2
28. Nxe6 fxe6 29. Bc3 Qc6 30. Kb2 Rc7 31. Rde2 Re7 32. h5 Kh7 33. Re5 Rf7 34.
Rxe6 Qd7 35. Rg6 Qf5 36. Re3 Qxh5 37. Rxa6 Rxf2 38. Re7 Rf7 39. Raa7 Rxe7 40.
Rxe7 Kg8 41. Rxg7+ Kf8 42. a4 Qf5 43. Rg2 h5 44. Bd4 Ke8 45. Re2+ Kd7 46. Re5
Qf4 47. Bc3 h4 48. Rh5 Qg4 49. Rh7+ Kc6 50. Rh6+ Kd5 51. a5 h3 52. a6 Qd7 53.
Rh8 Qa7 54. Rh5+ Ke4 55. Rh4+ Kf5 56. Rxh3 Qxa6 57. Rf3+ Ke4 58. Rd3 Qc6 59.
Rd4+ Ke3 60. Rc4 Qd5 61. Rd4 Qb5 62. Rd3+ Ke4 63. Bd2 Qc6 64. Bc3 Qc7 65. Rd2
Qc6 66. Re2+ Kf3 67. Re1 Qb5 68. Ra1 Ke2 69. Ra5 Qd7 70. Ra4 Kf3 71. Rd4 Qc6 72.
b4 Ke2 73. Kb3 Qb5 74. Rd3 Qc6 75. Rd4 Qe6+ 76. Kb2 Qc6 77. Rd2+ Ke3 78. Rd3+
Ke4 79. Kb3 Qb5 80. Rd4+ Ke3 81. Rc4 Qd5 82. Bb2 Ke2 83. Bc3 Qb5 84. Bb2 Qxc4+
85. Kxc4 Ke3 86. b5 Ke4 87. b6 Kf5 88. b7 Ke6 89. b8=Q Kd7 90. Qb3 Kd8 91. Qd3+
Kc7 92. Qd5 Kb6 93. Bd4+ Ka6 94. Qb5# 1-0

[Event "Titled Tue 1st Jul Late"]
[Site "chess.com INT"]
[Date "2025.07.01"]
[Round "8"]
[White "Deichmann, Esteban Horacio"]
[Black "Sheehan, Ethan"]
[Result "1/2-1/2"]
[WhiteElo "2103"]
[BlackElo "2364"]
[WhiteFideId "167410"]
[BlackFideId "30943965"]
[EventDate "2025.07.01"]

1. e4 e5 2. Nf3 Nc6 3. d4 exd4 4. Nxd4 Nf6 5. Nxc6 bxc6 6. Bd3 d5 7. exd5 cxd5
8. O-O Be7 9. c4 c6 10. Nc3 O-O 11. Qf3 Be6 12. cxd5 cxd5 13. h3 h6 14. Rd1 Rb8
15. Rb1 Bd6 16. Bf4 Rb4 17. Bxd6 Qxd6 18. a3 Rb6 19. b4 Rc8 20. Ne2 Nd7 21. Nf4
Rbc6 22. Nxe6 fxe6 23. Qe2 Nf6 24. Re1 Kf7 25. Rbd1 Rc3 26. a4 Re8 27. Qb2 Qc7
28. Qb1 Kg8 29. Bg6 Re7 30. Rc1 d4 31. Rcd1 e5 32. b5 Qc4 33. a5 Rb3 34. Qa2 Kf8
35. b6 axb6 36. axb6 Qd5 37. Rb1 Rxb1 38. Qxb1 e4 39. Qc2 Qb7 40. Qc5 d3 41. Ra1
Kg8 42. Qd4 Rd7 43. Qc4+ Kf8 44. Qc5+ Kg8 45. Qe3 d2 46. Rd1 Qd5 47. g3 Kf8 48.
b7 Qxb7 49. Rxd2 Rxd2 50. Qxd2 Qc7 51. Qe3 Ke7 52. Bxe4 Qe5 53. Qa7+ Kf8 54. Bf3
Qe7 55. Qb8+ Kf7 56. Kg2 Qe1 57. Qb3+ Qe6 58. Qc2 Qe7 59. g4 Qd6 60. h4 Qf4 61.
Qb3+ Kf8 62. Qe6 Qd2 63. Qf5 Qd7 64. Qg6 Qf7 65. Qxf7+ Kxf7 66. g5 hxg5 67. hxg5
Nh7 68. Bd5+ Ke7 69. f4 Nf8 70. Kf3 Kd6 71. Bf7 Nd7 72. Kg4 Nc5 73. Ba2 Ke7 74.
Bb1 Nb3 75. f5 Nd4 76. Ba2 Nc6 77. Kh5 Ne5 78. Bb1 Kf7 79. Be4 Ke7 80. Bd5 Kd6
81. Be6 Ke7 82. Ba2 Kd6 83. Kh4 Ke7 84. Kg3 Kd6 85. Kf4 Nd7 86. f6 Nxf6 87. Kf5
Nh5 88. Kg6 Nf4+ 89. Kxg7 Ke5 90. Kh6 Kf5 91. Bb1+ Kg4 92. Bc2 Kh4 93. Bd3 Nxd3
94. g6 Ne5 95. g7 Ng4+ 96. Kg6 Ne5+ 97. Kf6 Ng4+ 98. Kg6 Ne5+ 99. Kf5 Ng4 100.
g8=Q Nh6+ 101. Kg6 Nxg8 1/2-1/2

[Event "Titled Tue 1st Jul Late"]
[Site "chess.com INT"]
[Date "2025.07.01"]
[Round "9"]
[White "Gelman, Alexander"]
[Black "Aakash, G"]
[Result "1-0"]
[WhiteTitle "IM"]
[BlackTitle "FM"]
[WhiteElo "2403"]
[BlackElo "2123"]
[WhiteFideId "4118316"]
[BlackFideId "25644394"]
[EventDate "2025.07.01"]

1. d4 d5 2. Nc3 Nf6 3. Bf4 Bf5 4. f3 e6 5. g4 Bg6 6. h4 h6 7. e3 a6 8. Nge2 c5
9. Qd2 Nc6 10. a3 Bd6 11. O-O-O cxd4 12. exd4 Qc7 13. Bxd6 Qxd6 14. Nf4 O-O 15.
g5 Nh7 16. gxh6 gxh6 17. Rg1 Ne7 18. h5 1-0

[Event "Titled Tue 1st Jul Late"]
[Site "chess.com INT"]
[Date "2025.07.01"]
[Round "9"]
[White "Assaad, Joe"]
[Black "Klepek, Witold"]
[Result "1-0"]
[WhiteTitle "CM"]
[BlackTitle "CM"]
[WhiteElo "2170"]
[BlackElo "2253"]
[WhiteFideId "5310504"]
[BlackFideId "1175068"]
[EventDate "2025.07.01"]

1. e4 c5 2. a3 d5 3. exd5 Nf6 4. Bb5+ Bd7 5. Bc4 b5 6. Ba2 c4 7. d3 Qc7 8. Nc3
cxd3 9. Qxd3 a6 10. Nf3 g6 11. O-O Bg7 12. Re1 Bf5 13. d6 Qd7 14. Qd4 Nc6 15.
Qf4 Kf8 16. dxe7+ Nxe7 17. Be3 Nh5 18. Qb4 Kg8 19. Rad1 Nc6 20. Rxd7 Nxb4 21.
Bxf7+ Kf8 22. Bc5# 1-0

[Event "Titled Tue 1st Jul Late"]
[Site "chess.com INT"]
[Date "2025.07.01"]
[Round "9"]
[White "Vihaan Karthikeya N"]
[Black "Bogaudinov, Rushan"]
[Result "1-0"]
[BlackTitle "FM"]
[WhiteElo "2179"]
[BlackElo "1912"]
[WhiteFideId "25950673"]
[BlackFideId "4129288"]
[EventDate "2025.07.01"]

1. d4 d5 2. c4 dxc4 3. e3 e6 4. Bxc4 Nf6 5. Nf3 Be7 6. O-O O-O 7. Nc3 a6 8. a4
c5 9. e4 cxd4 10. Nxd4 e5 11. Nf3 Nc6 12. Bg5 Bg4 13. Bxf6 Bxf6 14. Nd5 Nd4 15.
Be2 Rc8 16. Nxd4 exd4 17. Bxg4 Rc5 18. Nxf6+ Qxf6 19. Re1 Rd8 20. Bf3 Qe5 21.
Qd3 h5 22. Rac1 Rdc8 23. Rxc5 Rxc5 24. h3 b5 25. axb5 Rxb5 26. Rd1 Rb4 27. Qxa6
Rxb2 28. Qa8+ Rb8 29. Qd5 Qxd5 30. exd5 Rb4 31. d6 Kf8 32. Re1 Rb8 33. d7 d3 34.
Bc6 g6 35. Re8+ Kg7 36. Rxb8 d2 37. d8=Q 1-0

[Event "Titled Tue 1st Jul Late"]
[Site "chess.com INT"]
[Date "2025.07.01"]
[Round "9"]
[White "Guliev, Gasan"]
[Black "Karvatskyi, Oleksii"]
[Result "1-0"]
[WhiteTitle "CM"]
[BlackTitle "CM"]
[WhiteElo "2123"]
[BlackElo "2258"]
[WhiteFideId "34165638"]
[BlackFideId "14191059"]
[EventDate "2025.07.01"]

1. d4 d5 2. Nf3 Nf6 3. c4 c6 4. e3 g6 5. Nc3 Bg7 6. Be2 dxc4 7. Bxc4 O-O 8. O-O
b5 9. Be2 a5 10. Bd2 a4 11. Rc1 Na6 12. h3 Nc7 13. Ne5 Bb7 14. Bf3 Ncd5 15. Nxd5
cxd5 16. Bb4 Ne4 17. Nd3 Rc8 18. Qe2 Rc4 19. a3 f5 20. Nc5 Nxc5 21. Bxc5 e5 22.
Rxc4 bxc4 23. Bxf8 Qxf8 24. dxe5 Bxe5 25. Rd1 Qf7 26. Qd2 1-0

[Event "Titled Tue 1st Jul Late"]
[Site "chess.com INT"]
[Date "2025.07.01"]
[Round "9"]
[White "Sargsyan, Shant"]
[Black "Szpar, Milosz"]
[Result "1-0"]
[WhiteTitle "GM"]
[BlackTitle "IM"]
[WhiteElo "2669"]
[BlackElo "2495"]
[WhiteFideId "13306766"]
[BlackFideId "1184989"]
[EventDate "2025.07.01"]

1. c4 e6 2. g3 d5 3. Bg2 Nf6 4. Nf3 Be7 5. O-O O-O 6. b3 c5 7. cxd5 exd5 8. Bb2
d4 9. e3 Nc6 10. exd4 cxd4 11. Re1 Bc5 12. Na3 a6 13. Rc1 Ba7 14. Nc4 Be6 15.
Nfe5 Nxe5 16. Nxe5 Bd5 17. Bxd5 Qxd5 18. Qf3 Rad8 19. Qxd5 Rxd5 20. Nd3 Bb6 21.
Ba3 Rfd8 22. Be7 Re8 23. Bxf6 Rxe1+ 24. Rxe1 gxf6 25. Kg2 Rd7 26. Re8+ Kg7 27.
Nf4 Bc7 28. Nh5+ Kg6 29. g4 Bd8 30. Rg8+ Kh6 31. Ng3 1-0

[Event "Titled Tue 1st Jul Late"]
[Site "chess.com INT"]
[Date "2025.07.01"]
[Round "9"]
[White "Shukhman, Anna"]
[Black "Mizzi, Jack"]
[Result "1-0"]
[WhiteTitle "WGM"]
[BlackTitle "CM"]
[WhiteElo "2413"]
[BlackElo "2107"]
[WhiteFideId "54180058"]
[BlackFideId "5602521"]
[EventDate "2025.07.01"]

1. e4 c6 2. d4 d5 3. e5 c5 4. Nf3 cxd4 5. Qxd4 a6 6. c4 Be6 7. cxd5 Qxd5 8. Nc3
Qxd4 9. Nxd4 Bd7 10. Nd5 Kd8 11. Bd2 a5 12. Nb6 Ra7 13. Rc1 Nc6 14. Nxd7 Nxd4
15. Nxf8 Nh6 16. Bxh6 gxh6 17. Rd1 Rxf8 18. Rxd4+ Kc7 19. Be2 a4 20. O-O Ra5 21.
Rc1+ Kb8 22. f4 f6 23. e6 1-0